[Event "Campeonato España Sub 16"]
[Site "Salobreña"]
[Date "2017.07.26"]
[Round "4"]
[White "Lianes Garcia, Marcos"]
[Black "Callejas Rojas, Francisco Miguel"]
[Result "1/2-1/2"]
[Board "2"]
[WhiteTitle "FM"]
[WhiteElo "2352"]
[WhiteCountry "ESP"]
[WhiteFideId "32060777"]
[WhiteEloChange "-5"]
[BlackElo "2164"]
[BlackCountry "ESP"]
[BlackFideId "32072503"]
[BlackEloChange "5"]

1. e4 {[%clk 1:30:30]} e6 {[%clk 1:30:30]} 2. d4 {[%clk 1:30:30]} d5 {[%clk
1:30:30]} 3. Nd2 {[%clk 1:30:30]} Nc6 {[%clk 1:30:30]} 4. c3 {[%clk 1:30:30]} e5
{[%clk 1:30:30]} 5. exd5 {[%clk 1:30:30]} Qxd5 {[%clk 1:30:30]} 6. Ngf3 {[%clk
1:30:30]} exd4 {[%clk 1:30:30]} 7. Bc4 {[%clk 1:30:30]} Qf5 {[%clk 1:30:30]} 8.
cxd4 {[%clk 1:30:30]} Be6 {[%clk 1:30:30]} 9. Qe2 {[%clk 1:30:30]} O-O-O {[%clk
1:30:30]} 10. Bxe6+ {[%clk 1:30:30]} Qxe6 {[%clk 1:30:30]} 11. Qxe6+ {[%clk
1:30:30]} fxe6 {[%clk 1:30:30]} 12. Nb3 {[%clk 1:30:30]} Bb4+ {[%clk 1:30:30]}
13. Ke2 {[%clk 1:30:30]} Nge7 {[%clk 1:30:30]} 14. a3 {[%clk 1:30:30]} Bd6 {[%clk
1:30:30]} 15. Ng5 {[%clk 1:30:30]} Rde8 {[%clk 1:30:30]} 16. f4 {[%clk 1:30:30]}
Nd5 {[%clk 1:30:30]} 17. g3 {[%clk 1:30:30]} h6 {[%clk 1:30:30]} 18. Nf3 {[%clk
1:30:30]} Rhg8 {[%clk 1:30:30]} 19. h4 {[%clk 1:30:30]} h5 {[%clk 1:30:30]} 20.
Bd2 {[%clk 1:30:30]} Nce7 {[%clk 1:30:30]} 21. Be1 {[%clk 1:30:30]} Nf5 {[%clk
1:30:30]} 22. Bf2 {[%clk 1:30:30]} Nf6 {[%clk 1:30:30]} 23. Ng5 {[%clk 1:30:30]}
b6 {[%clk 1:30:30]} 24. Rhe1 {[%clk 1:30:30]} Kd7 {[%clk 1:30:30]} 25. Kf3 {[%clk
1:30:30]} Re7 {[%clk 1:30:30]} 26. Re2 {[%clk 1:30:30]} Rge8 {[%clk 1:30:30]} 27.
Rc1 {[%clk 1:30:30]} c6 {[%clk 1:30:30]} 28. Nd2 {[%clk 1:30:30]} Nd5 {[%clk
1:30:30]} 29. Nc4 {[%clk 1:30:30]} Bb8 {[%clk 1:30:30]} 30. Nd2 {[%clk 1:30:30]}
Rf8 {[%clk 1:30:30]} 31. Rh1 {[%clk 1:30:30]} Bc7 {[%clk 1:30:30]} 32. Nde4
{[%clk 1:30:30]} Nh6 {[%clk 1:30:30]} 33. Nc3 {[%clk 1:30:30]} Ng4 {[%clk
1:30:30]} 34. Nh3 {[%clk 1:30:30]} Ngf6 {[%clk 1:30:30]} 35. Rc1 {[%clk 1:30:30]}
Bb8 {[%clk 1:30:30]} 36. Nd1 {[%clk 1:30:30]} Ng4 {[%clk 1:30:30]} 37. Kg2 {[%clk
1:30:30]} Bd6 {[%clk 1:30:30]} 38. Be1 {[%clk 1:30:30]} Rc8 {[%clk 1:30:30]} 39.
Bd2 {[%clk 1:30:30]} Rf8 {[%clk 1:30:30]} 40. Ndf2 {[%clk 1:30:30]} Ndf6 {[%clk
1:30:30]} 41. Nd3 {[%clk 1:30:30]} Nd5 {[%clk 1:30:30]} 42. Ng5 {[%clk 1:30:30]}
Ngf6 {[%clk 1:30:30]} 43. Be1 {[%clk 1:30:30]} Rfe8 {[%clk 1:30:30]} 44. Bf2
{[%clk 1:30:30]} Rf8 {[%clk 1:30:30]} 45. Ne4 {[%clk 1:30:30]} Nxe4 {[%clk
1:30:30]} 46. Rxe4 {[%clk 1:30:30]} Rf5 {[%clk 1:30:30]} 47. Re2 {[%clk 1:30:30]}
Rf8 {[%clk 1:30:30]} 48. Be1 {[%clk 1:30:30]} Rc8 {[%clk 1:30:30]} 49. Kf3 {[%clk
1:30:30]} Rf7 {[%clk 1:30:30]} 50. Rec2 {[%clk 1:30:30]} Rf5 {[%clk 1:30:30]} 51.
Bd2 {[%clk 1:30:30]} Rf7 {[%clk 1:30:30]} 52. Re1 {[%clk 1:30:30]} Nf6 {[%clk
1:30:30]} 53. Bc1 {[%clk 1:30:30]} Ng4 {[%clk 1:30:30]} 54. Rce2 {[%clk 1:30:30]}
Re8 {[%clk 1:30:30]} 55. Bd2 {[%clk 1:30:30]} Rf5 {[%clk 1:30:30]} 56. Bc3 {[%clk
1:30:30]} Rd5 {[%clk 1:30:30]} 57. Nc1 {[%clk 1:30:30]} Bb8 {[%clk 1:30:30]} 58.
Nb3 {[%clk 1:30:30]} Rf5 {[%clk 1:30:30]} 59. Nd2 {[%clk 1:30:30]} Nf6 {[%clk
1:30:30]} 60. Nf1 {[%clk 1:30:30]} Nd5 {[%clk 1:30:30]} 61. Bd2 {[%clk 1:30:30]}
Rf6 {[%clk 1:30:30]} 62. Kg2 {[%clk 1:30:30]} Rff8 {[%clk 1:30:30]} 63. Nh2
{[%clk 1:30:30]} Rf5 {[%clk 1:30:30]} 64. Nf3 {[%clk 1:30:30]} Bd6 {[%clk
1:30:30]} 65. Ng5 {[%clk 1:30:30]} Nc7 {[%clk 1:30:30]} 66. Be3 {[%clk 1:30:30]}
Be7 {[%clk 1:30:30]} 67. Nf3 {[%clk 1:30:30]} Bf6 {[%clk 1:30:30]} 68. Bf2 {[%clk
1:30:30]} Rd5 {[%clk 1:30:30]} 69. Re4 {[%clk 1:30:30]} Nb5 {[%clk 1:30:30]} 70.
Bg1 {[%clk 1:30:30]} Nd6 {[%clk 1:30:30]} 71. R4e2 {[%clk 1:30:30]} 1/2-1/2

[Event "Campeonato España Sub 16"]
[Site "Salobreña"]
[Date "2017.07.26"]
[Round "4"]
[White "Aguilera Lopez, Alejandro"]
[Black "Galiana Fernandez, Adrian"]
[Result "0-1"]
[Board "3"]
[WhiteElo "2251"]
[WhiteCountry "ESP"]
[WhiteFideId "32093810"]
[WhiteEloChange "-9"]
[BlackElo "2274"]
[BlackCountry "ESP"]
[BlackFideId "32010150"]
[BlackEloChange "9"]

1. d4 {[%clk 1:30:30]} Nf6 {[%clk 1:30:30]} 2. Nf3 {[%clk 1:30:30]} d5 {[%clk
1:30:30]} 3. e3 {[%clk 1:30:30]} e6 {[%clk 1:30:30]} 4. Bd3 {[%clk 1:30:30]} c5
{[%clk 1:30:30]} 5. b3 {[%clk 1:30:30]} Nc6 {[%clk 1:30:30]} 6. Nbd2 {[%clk
1:30:30]} Bd6 {[%clk 1:30:30]} 7. Bb2 {[%clk 1:30:30]} O-O {[%clk 1:30:30]} 8. a3
{[%clk 1:30:30]} b6 {[%clk 1:30:30]} 9. Ne5 {[%clk 1:30:30]} Bb7 {[%clk 1:30:30]}
10. f4 {[%clk 1:30:30]} Ne7 {[%clk 1:30:30]} 11. Qe2 {[%clk 1:30:30]} Ne4 {[%clk
1:30:30]} 12. O-O {[%clk 1:30:30]} cxd4 {[%clk 1:30:30]} 13. exd4 {[%clk
1:30:30]} f6 {[%clk 1:30:30]} 14. Nec4 {[%clk 1:30:30]} f5 {[%clk 1:30:30]} 15.
Ne5 {[%clk 1:30:30]} Rc8 {[%clk 1:30:30]} 16. Rf3 {[%clk 1:30:30]} Nc6 {[%clk
1:30:30]} 17. Rh3 {[%clk 1:30:30]} Nxe5 {[%clk 1:30:30]} 18. fxe5 {[%clk
1:30:30]} Be7 {[%clk 1:30:30]} 19. Bxe4 {[%clk 1:30:30]} dxe4 {[%clk 1:30:30]}
20. c4 {[%clk 1:30:30]} Qe8 {[%clk 1:30:30]} 21. Rd1 {[%clk 1:30:30]} Qg6 {[%clk
1:30:30]} 22. Rg3 {[%clk 1:30:30]} Qf7 {[%clk 1:30:30]} 23. Rf1 {[%clk 1:30:30]}
Bh4 {[%clk 1:30:30]} 24. Rh3 {[%clk 1:30:30]} Bg5 {[%clk 1:30:30]} 25. Bc3 {[%clk
1:30:30]} a5 {[%clk 1:30:30]} 26. Rg3 {[%clk 1:30:30]} h6 {[%clk 1:30:30]} 27. d5
{[%clk 1:30:30]} Qc7 {[%clk 1:30:30]} 28. d6 {[%clk 1:30:30]} Qc5+ {[%clk
1:30:30]} 29. Kh1 {[%clk 1:30:30]} f4 {[%clk 1:30:30]} 30. Rh3 {[%clk 1:30:30]}
f3 {[%clk 1:30:30]} 31. gxf3 {[%clk 1:30:30]} exf3 {[%clk 1:30:30]} 32. Nxf3
{[%clk 1:30:30]} Qxa3 {[%clk 1:30:30]} 33. Kg1 {[%clk 1:30:30]} Qxb3 {[%clk
1:30:30]} 34. Nd4 {[%clk 1:30:30]} Rxf1+ {[%clk 1:30:30]} 35. Qxf1 {[%clk
1:30:30]} Qxc4 {[%clk 1:30:30]} 36. Qxc4 {[%clk 1:30:30]} Rxc4 {[%clk 1:30:30]}
37. d7 {[%clk 1:30:30]} Bc6 {[%clk 1:30:30]} 38. Nxc6 {[%clk 1:30:30]} Rxc6
{[%clk 1:30:30]} 39. Rd3 {[%clk 1:30:30]} Bd8 {[%clk 1:30:30]} 40. Kf2 {[%clk
1:30:30]} Kf7 {[%clk 1:30:30]} 41. Ke3 {[%clk 1:30:30]} Ke7 {[%clk 1:30:30]} 42.
h4 {[%clk 1:30:30]} Rc7 {[%clk 1:30:30]} 43. Ke4 {[%clk 1:30:30]} Rxd7 {[%clk
1:30:30]} 44. Rf3 {[%clk 1:30:30]} Rd5 {[%clk 1:30:30]} 45. h5 {[%clk 1:30:30]}
b5 {[%clk 1:30:30]} 46. Be1 {[%clk 1:30:30]} Ke8 {[%clk 1:30:30]} 47. Rg3 {[%clk
1:30:30]} Kf7 {[%clk 1:30:30]} 48. Rf3+ {[%clk 1:30:30]} Ke8 {[%clk 1:30:30]} 49.
Rg3 {[%clk 1:30:30]} Bh4 {[%clk 1:30:30]} 50. Rxg7 {[%clk 1:30:30]} Bxe1 {[%clk
1:30:30]} 51. Rg6 {[%clk 1:30:30]} Kf7 {[%clk 1:30:30]} 52. Rf6+ {[%clk 1:30:30]}
Ke7 {[%clk 1:30:30]} 53. Rxh6 {[%clk 1:30:30]} Bc3 {[%clk 1:30:30]} 54. Rh7+
{[%clk 1:30:30]} Kf8 {[%clk 1:30:30]} 55. h6 {[%clk 1:30:30]} Kg8 {[%clk
1:30:30]} 0-1

[Event "Campeonato España Sub 16"]
[Site "Salobreña"]
[Date "2017.07.26"]
[Round "4"]
[White "Gines Esteo, Pedro Antonio"]
[Black "Fernandez Camello, Alejandro"]
[Result "1-0"]
[Board "4"]
[WhiteTitle "FM"]
[WhiteElo "2375"]
[WhiteCountry "ESP"]
[WhiteFideId "32080190"]
[WhiteEloChange "3"]
[BlackElo "2097"]
[BlackCountry "ESP"]
[BlackFideId "32038992"]
[BlackEloChange "-3"]

1. d4 {[%clk 1:30:30]} d5 {[%clk 1:30:30]} 2. Nf3 {[%clk 1:30:30]} Nf6 {[%clk
1:30:30]} 3. c4 {[%clk 1:30:30]} c6 {[%clk 1:30:30]} 4. e3 {[%clk 1:30:30]} e6
{[%clk 1:30:30]} 5. Bd3 {[%clk 1:30:30]} Nbd7 {[%clk 1:30:30]} 6. Nbd2 {[%clk
1:30:30]} Bd6 {[%clk 1:30:30]} 7. b3 {[%clk 1:30:30]} e5 {[%clk 1:30:30]} 8. cxd5
{[%clk 1:30:30]} cxd5 {[%clk 1:30:30]} 9. dxe5 {[%clk 1:30:30]} Nxe5 {[%clk
1:30:30]} 10. Bb5+ {[%clk 1:30:30]} Bd7 {[%clk 1:30:30]} 11. Bxd7+ {[%clk
1:30:30]} Qxd7 {[%clk 1:30:30]} 12. Nxe5 {[%clk 1:30:30]} Bxe5 {[%clk 1:30:30]}
13. Rb1 {[%clk 1:30:30]} Ne4 {[%clk 1:30:30]} 14. Nxe4 {[%clk 1:30:30]} dxe4
{[%clk 1:30:30]} 15. O-O {[%clk 1:30:30]} Qxd1 {[%clk 1:30:30]} 16. Rxd1 {[%clk
1:30:30]} Ke7 {[%clk 1:30:30]} 17. f4 {[%clk 1:30:30]} exf3 {[%clk 1:30:30]} 18.
gxf3 {[%clk 1:30:30]} Rhd8 {[%clk 1:30:30]} 19. Ba3+ {[%clk 1:30:30]} Ke6 {[%clk
1:30:30]} 20. f4 {[%clk 1:30:30]} Bc7 {[%clk 1:30:30]} 21. Bc5 {[%clk 1:30:30]}
Bb6 {[%clk 1:30:30]} 22. Bxb6 {[%clk 1:30:30]} Rxd1+ {[%clk 1:30:30]} 23. Rxd1
{[%clk 1:30:30]} axb6 {[%clk 1:30:30]} 24. a4 {[%clk 1:30:30]} Rc8 {[%clk
1:30:30]} 25. Rd4 {[%clk 1:30:30]} Rc3 {[%clk 1:30:30]} 26. Rb4 {[%clk 1:30:30]}
Kd6 {[%clk 1:30:30]} 27. Kf2 {[%clk 1:30:30]} Kc6 {[%clk 1:30:30]} 28. e4 {[%clk
1:30:30]} g6 {[%clk 1:30:30]} 29. Rb5 {[%clk 1:30:30]} Rc5 {[%clk 1:30:30]} 30.
Rb4 {[%clk 1:30:30]} Rc3 {[%clk 1:30:30]} 31. e5 {[%clk 1:30:30]} Kc5 {[%clk
1:30:30]} 32. Rb5+ {[%clk 1:30:30]} Kc6 {[%clk 1:30:30]} 33. h4 {[%clk 1:30:30]}
h5 {[%clk 1:30:30]} 34. Rb4 {[%clk 1:30:30]} Kc5 {[%clk 1:30:30]} 35. Rb5+ {[%clk
1:30:30]} Kc6 {[%clk 1:30:30]} 36. Ke2 {[%clk 1:30:30]} Rh3 {[%clk 1:30:30]} 37.
Rb4 {[%clk 1:30:30]} Rxh4 {[%clk 1:30:30]} 38. Rd4 {[%clk 1:30:30]} Kc5 {[%clk
1:30:30]} 39. Ke3 {[%clk 1:30:30]} Rh3+ {[%clk 1:30:30]} 40. Ke4 {[%clk 1:30:30]}
Rxb3 {[%clk 1:30:30]} 41. Rd7 {[%clk 1:30:30]} Rb4+ {[%clk 1:30:30]} 42. Kf3
{[%clk 1:30:30]} Rxa4 {[%clk 1:30:30]} 43. Rxf7 {[%clk 1:30:30]} Ra3+ {[%clk
1:30:30]} 44. Ke4 {[%clk 1:30:30]} Ra4+ {[%clk 1:30:30]} 45. Ke3 {[%clk 1:30:30]}
Ra3+ {[%clk 1:30:30]} 46. Ke4 {[%clk 1:30:30]} Ra4+ {[%clk 1:30:30]} 47. Ke3
{[%clk 1:30:30]} Ra3+ {[%clk 1:30:30]} 48. Kf2 {[%clk 1:30:30]} Kd5 {[%clk
1:30:30]} 49. Rd7+ {[%clk 1:30:30]} Ke4 {[%clk 1:30:30]} 50. e6 {[%clk 1:30:30]}
Ra2+ {[%clk 1:30:30]} 51. Kg3 {[%clk 1:30:30]} Ra3+ {[%clk 1:30:30]} 52. Kh4
{[%clk 1:30:30]} Kxf4 {[%clk 1:30:30]} 53. Rf7+ {[%clk 1:30:30]} Ke5 {[%clk
1:30:30]} 54. e7 {[%clk 1:30:30]} Ra8 {[%clk 1:30:30]} 55. Rf8 {[%clk 1:30:30]}
Ke6 {[%clk 1:30:30]} 56. Rxa8 {[%clk 1:30:30]} Kxe7 {[%clk 1:30:30]} 57. Rg8
{[%clk 1:30:30]} Kd6 {[%clk 1:30:30]} 58. Rxg6+ {[%clk 1:30:30]} Kc5 {[%clk
1:30:30]} 59. Kxh5 {[%clk 1:30:30]} b5 {[%clk 1:30:30]} 60. Kg4 {[%clk 1:30:30]}
Kc4 {[%clk 1:30:30]} 61. Kf3 {[%clk 1:30:30]} Kc3 {[%clk 1:30:30]} 62. Ke2 {[%clk
1:30:30]} b4 {[%clk 1:30:30]} 63. Kd1 {[%clk 1:30:30]} Kb2 {[%clk 1:30:30]} 64.
Rb6 {[%clk 1:30:30]} b3 {[%clk 1:30:30]} 65. Rxb7 {[%clk 1:30:30]} Ka2 {[%clk
1:30:30]} 66. Kc1 {[%clk 1:30:30]} 1-0

[Event "Campeonato España Sub 16"]
[Site "Salobreña"]
[Date "2017.07.26"]
[Round "4"]
[White "Martinez Fernandez, Adrian"]
[Black "Plazuelo Pascual, Juan"]
[Result "0-1"]
[Board "5"]
[WhiteElo "2111"]
[WhiteCountry "ESP"]
[WhiteFideId "32049048"]
[WhiteEloChange "-4"]
[BlackTitle "FM"]
[BlackElo "2334"]
[BlackCountry "ESP"]
[BlackFideId "32059566"]
[BlackEloChange "4"]

1. e4 {[%clk 1:30:30]} e6 {[%clk 1:30:30]} 2. d4 {[%clk 1:30:30]} d5 {[%clk
1:30:30]} 3. Nd2 {[%clk 1:30:30]} Be7 {[%clk 1:30:30]} 4. e5 {[%clk 1:30:30]} c5
{[%clk 1:30:30]} 5. c3 {[%clk 1:30:30]} cxd4 {[%clk 1:30:30]} 6. cxd4 {[%clk
1:30:30]} Qb6 {[%clk 1:30:30]} 7. Ndf3 {[%clk 1:30:30]} Bb4+ {[%clk 1:30:30]} 8.
Bd2 {[%clk 1:30:30]} Nc6 {[%clk 1:30:30]} 9. Bxb4 {[%clk 1:30:30]} Qxb4+ {[%clk
1:30:30]} 10. Qd2 {[%clk 1:30:30]} Nge7 {[%clk 1:30:30]} 11. Bd3 {[%clk 1:30:30]}
O-O {[%clk 1:30:30]} 12. Qxb4 {[%clk 1:30:30]} Nxb4 {[%clk 1:30:30]} 13. Bb1
{[%clk 1:30:30]} f6 {[%clk 1:30:30]} 14. a3 {[%clk 1:30:30]} Nbc6 {[%clk
1:30:30]} 15. exf6 {[%clk 1:30:30]} gxf6 {[%clk 1:30:30]} 16. Ne2 {[%clk
1:30:30]} e5 {[%clk 1:30:30]} 17. dxe5 {[%clk 1:30:30]} fxe5 {[%clk 1:30:30]} 18.
h3 {[%clk 1:30:30]} Kg7 {[%clk 1:30:30]} 19. Nd2 {[%clk 1:30:30]} Bf5 {[%clk
1:30:30]} 20. O-O {[%clk 1:30:30]} Rac8 {[%clk 1:30:30]} 21. Nb3 {[%clk 1:30:30]}
b6 {[%clk 1:30:30]} 22. f4 {[%clk 1:30:30]} Bxb1 {[%clk 1:30:30]} 23. Raxb1
{[%clk 1:30:30]} e4 {[%clk 1:30:30]} 24. Rfd1 {[%clk 1:30:30]} Kf6 {[%clk
1:30:30]} 25. Rbc1 {[%clk 1:30:30]} Ke6 {[%clk 1:30:30]} 26. Nbd4+ {[%clk
1:30:30]} Nxd4 {[%clk 1:30:30]} 27. Nxd4+ {[%clk 1:30:30]} Kd7 {[%clk 1:30:30]}
28. g3 {[%clk 1:30:30]} Rxc1 {[%clk 1:30:30]} 29. Rxc1 {[%clk 1:30:30]} h5 {[%clk
1:30:30]} 30. h4 {[%clk 1:30:30]} Nf5 {[%clk 1:30:30]} 31. Nxf5 {[%clk 1:30:30]}
Rxf5 {[%clk 1:30:30]} 32. Rd1 {[%clk 1:30:30]} Kd6 {[%clk 1:30:30]} 33. Kf2
{[%clk 1:30:30]} Rf7 {[%clk 1:30:30]} 34. Ke3 {[%clk 1:30:30]} Rc7 {[%clk
1:30:30]} 35. Rd2 {[%clk 1:30:30]} Rc1 {[%clk 1:30:30]} 36. Rg2 {[%clk 1:30:30]}
Rf1 {[%clk 1:30:30]} 37. g4 {[%clk 1:30:30]} Rf3+ {[%clk 1:30:30]} 38. Kd2 {[%clk
1:30:30]} Rxf4 {[%clk 1:30:30]} 39. gxh5 {[%clk 1:30:30]} Rxh4 {[%clk 1:30:30]}
40. Rg5 {[%clk 1:30:30]} d4 {[%clk 1:30:30]} 41. b4 {[%clk 1:30:30]} Rh2+ {[%clk
1:30:30]} 42. Ke1 {[%clk 1:30:30]} d3 {[%clk 1:30:30]} 43. h6 {[%clk 1:30:30]} e3
{[%clk 1:30:30]} 0-1

[Event "Campeonato España Sub 16"]
[Site "Salobreña"]
[Date "2017.07.26"]
[Round "4"]
[White "Ayats Llobera, Gerard"]
[Black "Garcia Sancho, Josep"]
[Result "1/2-1/2"]
[Board "6"]
[WhiteTitle "FM"]
[WhiteElo "2261"]
[WhiteCountry "ESP"]
[WhiteFideId "32067607"]
[WhiteEloChange "-5"]
[BlackElo "2092"]
[BlackCountry "ESP"]
[BlackFideId "32010168"]
[BlackEloChange "5"]

1. d4 {[%clk 1:30:30]} g6 {[%clk 1:30:30]} 2. e4 {[%clk 1:30:30]} Bg7 {[%clk
1:30:30]} 3. Nc3 {[%clk 1:30:30]} c5 {[%clk 1:30:30]} 4. d5 {[%clk 1:30:30]} d6
{[%clk 1:30:30]} 5. h3 {[%clk 1:30:30]} Nf6 {[%clk 1:30:30]} 6. Nf3 {[%clk
1:30:30]} O-O {[%clk 1:30:30]} 7. Bd3 {[%clk 1:30:30]} b6 {[%clk 1:30:30]} 8. Qe2
{[%clk 1:30:30]} Nbd7 {[%clk 1:30:30]} 9. O-O {[%clk 1:30:30]} Bb7 {[%clk
1:30:30]} 10. Bf4 {[%clk 1:30:30]} Re8 {[%clk 1:30:30]} 11. Bh2 {[%clk 1:30:30]}
h6 {[%clk 1:30:30]} 12. Rad1 {[%clk 1:30:30]} Nf8 {[%clk 1:30:30]} 13. e5 {[%clk
1:30:30]} dxe5 {[%clk 1:30:30]} 14. Nxe5 {[%clk 1:30:30]} a6 {[%clk 1:30:30]} 15.
Be4 {[%clk 1:30:30]} Nxe4 {[%clk 1:30:30]} 16. Qxe4 {[%clk 1:30:30]} Qc8 {[%clk
1:30:30]} 17. Na4 {[%clk 1:30:30]} Bxe5 {[%clk 1:30:30]} 18. Qxe5 {[%clk
1:30:30]} Nd7 {[%clk 1:30:30]} 19. Qe3 {[%clk 1:30:30]} e6 {[%clk 1:30:30]} 20.
Qxh6 {[%clk 1:30:30]} exd5 {[%clk 1:30:30]} 21. Rfe1 {[%clk 1:30:30]} Qc6 {[%clk
1:30:30]} 22. b3 {[%clk 1:30:30]} Qf6 {[%clk 1:30:30]} 23. Qd2 {[%clk 1:30:30]}
d4 {[%clk 1:30:30]} 24. Nb2 {[%clk 1:30:30]} b5 {[%clk 1:30:30]} 25. f3 {[%clk
1:30:30]} Ne5 {[%clk 1:30:30]} 26. Bxe5 {[%clk 1:30:30]} Rxe5 {[%clk 1:30:30]}
27. Nd3 {[%clk 1:30:30]} Qd6 {[%clk 1:30:30]} 28. Qg5 {[%clk 1:30:30]} c4 {[%clk
1:30:30]} 29. Nc5 {[%clk 1:30:30]} Bc6 {[%clk 1:30:30]} 30. b4 {[%clk 1:30:30]}
a5 {[%clk 1:30:30]} 31. a3 {[%clk 1:30:30]} axb4 {[%clk 1:30:30]} 32. axb4 {[%clk
1:30:30]} Ra2 {[%clk 1:30:30]} 33. Qh4 {[%clk 1:30:30]} Rxc2 {[%clk 1:30:30]} 34.
Rxd4 {[%clk 1:30:30]} Rc1 {[%clk 1:30:30]} 35. Kf2 {[%clk 1:30:30]} Rc2+ {[%clk
1:30:30]} 36. Kg1 {[%clk 1:30:30]} Rc1 {[%clk 1:30:30]} 37. Kf2 {[%clk 1:30:30]}
Rc2+ {[%clk 1:30:30]} 38. Kg1 {[%clk 1:30:30]} Rc1 {[%clk 1:30:30]} 39. Kf2
{[%clk 1:30:30]} Rc2+ {[%clk 1:30:30]} 1/2-1/2

[Event "Campeonato España Sub 16"]
[Site "Salobreña"]
[Date "2017.07.26"]
[Round "4"]
[White "Sama Salinas, Hector"]
[Black "Garcia Jimenez, Santiago"]
[Result "1-0"]
[Board "7"]
[WhiteElo "2205"]
[WhiteCountry "ESP"]
[WhiteFideId "32086857"]
[WhiteEloChange "6"]
[BlackElo "2040"]
[BlackCountry "ESP"]
[BlackFideId "24543241"]
[BlackEloChange "-6"]

1. d4 {[%clk 1:30:30]} Nf6 {[%clk 1:30:30]} 2. Nf3 {[%clk 1:30:30]} e6 {[%clk
1:30:30]} 3. e3 {[%clk 1:30:30]} c5 {[%clk 1:30:30]} 4. Bd3 {[%clk 1:30:30]} d5
{[%clk 1:30:30]} 5. b3 {[%clk 1:30:30]} Bd6 {[%clk 1:30:30]} 6. Bb2 {[%clk
1:30:30]} Nbd7 {[%clk 1:30:30]} 7. O-O {[%clk 1:30:30]} O-O {[%clk 1:30:30]} 8.
Nbd2 {[%clk 1:30:30]} b6 {[%clk 1:30:30]} 9. Ne5 {[%clk 1:30:30]} Bb7 {[%clk
1:30:30]} 10. f4 {[%clk 1:30:30]} Ne4 {[%clk 1:30:30]} 11. Nxe4 {[%clk 1:30:30]}
dxe4 {[%clk 1:30:30]} 12. Bc4 {[%clk 1:30:30]} Bxe5 {[%clk 1:30:30]} 13. dxe5
{[%clk 1:30:30]} Qe7 {[%clk 1:30:30]} 14. f5 {[%clk 1:30:30]} exf5 {[%clk
1:30:30]} 15. Rxf5 {[%clk 1:30:30]} g6 {[%clk 1:30:30]} 16. Qg4 {[%clk 1:30:30]}
b5 {[%clk 1:30:30]} 17. Bxb5 {[%clk 1:30:30]} Nb6 {[%clk 1:30:30]} 18. Rf6 {[%clk
1:30:30]} Nd5 {[%clk 1:30:30]} 19. Qg5 {[%clk 1:30:30]} Rfe8 {[%clk 1:30:30]} 20.
Bxe8 {[%clk 1:30:30]} Nxf6 {[%clk 1:30:30]} 21. Bxf7+ {[%clk 1:30:30]} Qxf7
{[%clk 1:30:30]} 22. exf6 {[%clk 1:30:30]} Rd8 {[%clk 1:30:30]} 23. Qxc5 {[%clk
1:30:30]} Rd5 {[%clk 1:30:30]} 24. Qxa7 {[%clk 1:30:30]} Qd7 {[%clk 1:30:30]} 25.
Rf1 {[%clk 1:30:30]} Kf7 {[%clk 1:30:30]} 26. Qb8 {[%clk 1:30:30]} Rd1 {[%clk
1:30:30]} 27. Bd4 {[%clk 1:30:30]} Rxd4 {[%clk 1:30:30]} 28. exd4 {[%clk
1:30:30]} Qxd4+ {[%clk 1:30:30]} 29. Kh1 {[%clk 1:30:30]} Ba6 {[%clk 1:30:30]}
30. Qc7+ {[%clk 1:30:30]} Kf8 {[%clk 1:30:30]} 31. Qe7+ {[%clk 1:30:30]} 1-0

[Event "Campeonato España Sub 16"]
[Site "Salobreña"]
[Date "2017.07.26"]
[Round "4"]
[White "Llados Clos, Jordi"]
[Black "Gomez Sanjuan, Hector Fernando"]
[Result "1/2-1/2"]
[Board "8"]
[WhiteElo "1895"]
[WhiteCountry "ESP"]
[WhiteFideId "32066350"]
[WhiteEloChange "7"]
[BlackElo "2189"]
[BlackCountry "ESP"]
[BlackFideId "22274960"]
[BlackEloChange "-7"]

1. e4 {[%clk 1:30:30]} g6 {[%clk 1:30:30]} 2. d4 {[%clk 1:30:30]} Bg7 {[%clk
1:30:30]} 3. Nf3 {[%clk 1:30:30]} d6 {[%clk 1:30:30]} 4. h3 {[%clk 1:30:30]} a6
{[%clk 1:30:30]} 5. a4 {[%clk 1:30:30]} b6 {[%clk 1:30:30]} 6. Nc3 {[%clk
1:30:30]} Bb7 {[%clk 1:30:30]} 7. Bc4 {[%clk 1:30:30]} e6 {[%clk 1:30:30]} 8. O-O
{[%clk 1:30:30]} Nd7 {[%clk 1:30:30]} 9. Bg5 {[%clk 1:30:30]} Ne7 {[%clk
1:30:30]} 10. Qd2 {[%clk 1:30:30]} h6 {[%clk 1:30:30]} 11. Be3 {[%clk 1:30:30]}
Nf6 {[%clk 1:30:30]} 12. Bd3 {[%clk 1:30:30]} d5 {[%clk 1:30:30]} 13. e5 {[%clk
1:30:30]} Ne4 {[%clk 1:30:30]} 14. Qd1 {[%clk 1:30:30]} Nf5 {[%clk 1:30:30]} 15.
Nd2 {[%clk 1:30:30]} Nxe3 {[%clk 1:30:30]} 16. fxe3 {[%clk 1:30:30]} Nxd2 {[%clk
1:30:30]} 17. Qxd2 {[%clk 1:30:30]} c5 {[%clk 1:30:30]} 18. Nd1 {[%clk 1:30:30]}
h5 {[%clk 1:30:30]} 19. c3 {[%clk 1:30:30]} c4 {[%clk 1:30:30]} 20. Bc2 {[%clk
1:30:30]} O-O {[%clk 1:30:30]} 21. Nf2 {[%clk 1:30:30]} Qg5 {[%clk 1:30:30]} 22.
Qe2 {[%clk 1:30:30]} f5 {[%clk 1:30:30]} 23. Nh1 {[%clk 1:30:30]} Bh6 {[%clk
1:30:30]} 24. Rf3 {[%clk 1:30:30]} Qe7 {[%clk 1:30:30]} 25. g3 {[%clk 1:30:30]}
Bc6 {[%clk 1:30:30]} 26. Kh2 {[%clk 1:30:30]} Kg7 {[%clk 1:30:30]} 27. Rff1
{[%clk 1:30:30]} Rh8 {[%clk 1:30:30]} 28. Nf2 {[%clk 1:30:30]} Raf8 {[%clk
1:30:30]} 29. Kg2 {[%clk 1:30:30]} Qg5 {[%clk 1:30:30]} 30. Rae1 {[%clk 1:30:30]}
h4 {[%clk 1:30:30]} 31. g4 {[%clk 1:30:30]} f4 {[%clk 1:30:30]} 32. Nd1 {[%clk
1:30:30]} fxe3 {[%clk 1:30:30]} 33. Qxe3 {[%clk 1:30:30]} Qe7 {[%clk 1:30:30]}
34. Qe2 {[%clk 1:30:30]} Bg5 {[%clk 1:30:30]} 35. b3 {[%clk 1:30:30]} cxb3 {[%clk
1:30:30]} 36. Bxb3 {[%clk 1:30:30]} b5 {[%clk 1:30:30]} 37. Qc2 {[%clk 1:30:30]}
bxa4 {[%clk 1:30:30]} 38. Bxa4 {[%clk 1:30:30]} Bxa4 {[%clk 1:30:30]} 39. Qxa4
{[%clk 1:30:30]} Bd2 {[%clk 1:30:30]} 40. Rxf8 {[%clk 1:30:30]} Rxf8 {[%clk
1:30:30]} 41. Rf1 {[%clk 1:30:30]} Rxf1 {[%clk 1:30:30]} 42. Kxf1 {[%clk
1:30:30]} Qb7 {[%clk 1:30:30]} 43. Qe8 {[%clk 1:30:30]} Qf7+ {[%clk 1:30:30]} 44.
Qxf7+ {[%clk 1:30:30]} Kxf7 {[%clk 1:30:30]} 45. Ke2 {[%clk 1:30:30]} Bg5 {[%clk
1:30:30]} 46. Nb2 {[%clk 1:30:30]} Be7 {[%clk 1:30:30]} 47. Kd3 {[%clk 1:30:30]}
Ke8 {[%clk 1:30:30]} 48. c4 {[%clk 1:30:30]} dxc4+ {[%clk 1:30:30]} 49. Kxc4
{[%clk 1:30:30]} Kd7 {[%clk 1:30:30]} 50. d5 {[%clk 1:30:30]} exd5+ {[%clk
1:30:30]} 51. Kxd5 {[%clk 1:30:30]} a5 {[%clk 1:30:30]} 52. e6+ {[%clk 1:30:30]}
Ke8 {[%clk 1:30:30]} 53. Ke5 {[%clk 1:30:30]} Bg5 {[%clk 1:30:30]} 54. Na4 {[%clk
1:30:30]} 1/2-1/2